LEADER 01822nam a2200397 i 4500 001 991000271929707536 008 040129s1995 enka b 001 0 eng 020 $a0521499224 035 $ab12592936-39ule_inst 040 $aDip.to Matematica$beng 082 0 $a512.55$220 084 $aLC QA387.C368 084 $aAMS 22E 084 $aAMS 17-01 084 $aAMS 17B 084 $aAMS 22-XX 100 1 $aCarter, Roger William$045596 245 10$aLectures on Lie groups and Lie algebras /$cRoger Carter, Graeme Segal, Ian Macdonald 260 $aCambridge ; New York :$bCambridge University Press,$c1995 300 $aviii, 190 p. :$bill. ;$c24 cm 440 0$aLondon Mathematical Society student texts ;$v32 500 $a"Based on the three introductory lecture courses given at the LMS-SERC Instructional Conference on Lie theory and algebraic groups held at Lancaster University in September 1993": Fwd. 504 $aIncludes bibliographical references (p. 187-188) and index 650 0$aLie groups 650 0$aLie algebras 700 1 $aSegal, Graeme$eauthor$4http://id.loc.gov/vocabulary/relators/aut$049922 700 1 $aMacdonald, Ian Grant 856 42$uhttp://catdir.loc.gov/catdir/description/cam027/95030534.html$zPublisher description 856 41$uhttp://catdir.loc.gov/catdir/toc/cam027/95030534.html$zTable of contents 907 $a.b12592936$b13-11-12$c29-01-04 912 $a991000271929707536 945 $aLE013 17-XX CAR11 C.1 (1995)$g1$lle013$op$pE0.00$q-$rl$s- $t0$u3$v0$w3$x0$y.i10897732$z28-06-02 945 $aLE013 17-XX CAR11 C.2 (1995)$g2$i2013000145396$lle013$op$pE28.30$q-$rl$s- $t0$u3$v0$w3$x0$y.i1306762x$z29-01-04 996 $aLectures on Lie groups and Lie algebras$91446546 997 $aUNISALENTO 998 $ale013$b29-01-04$cm$da $e-$feng$genk$h0$i1 LEADER 02694nas 2200889-a 450 001 996202277303316 005 20240112213020.0 011 $a1365-2281 035 $a(DE-599)ZDB2067524-0 035 $a(OCoLC)46569731 035 $a(CKB)954925473390 035 $a(CONSER)--2001242035 035 $a(EXLCZ)99954925473390 100 $a20010323b19812001 s-- - 101 0 $aeng 135 $aurun||||||||| 181 $ctxt$2rdacontent 182 $cc$2rdamedia 183 $acr$2rdacarrier 200 10$aClinical physiology 210 $a[Oxford, England] $cBlackwell Science ;$a[Burlington, Mass.] $c[Made available by] HealthGate Data Corp 300 $aRefereed/Peer-reviewed 311 $a0144-5979 531 $aCLIN PHYSL 531 $aCLIN PHYSIOL 606 $aPhysiology, Pathological$vPeriodicals 606 $aPhysiology 606 $aPhysiology 606 $aMedicine 606 $aPhysiopathologie$vPériodiques 606 $aPhysiologie 606 $aphysiology$2aat 606 $aPhysiology$2fast$3(OCoLC)fst01063177 606 $aPhysiology, Pathological$2fast$3(OCoLC)fst01063216 606 $aPhysiologie$2gnd 606 $aZeitschrift$2gnd 606 $aPathophysiologie$2gnd 606 $aAspect clinique$2rasuqam 606 $aImagerie médicale$2rasuqam 606 $aPhysiologie humaine$2rasuqam 606 $aPhysiologie pathologique$2rasuqam 606 $aPhysiologie$2swd 606 $aZeitschrift$2swd 606 $aPathophysiologie$2swd 608 $aPeriodical 608 $aperiodicals.$2aat 608 $aPeriodicals.$2fast 608 $aPeriodicals.$2lcgft 608 $aPériodique électronique (Descripteur de forme)$2rasuqam 608 $aRessource Internet (Descripteur de forme)$2rasuqam 608 $aPériodiques.$2rvmgf 610 $aMan$aDiseases$aPhysiological aspects$aSerials 615 0$aPhysiology, Pathological 615 0$aPhysiology. 615 12$aPhysiology 615 22$aMedicine 615 6$aPhysiopathologie 615 6$aPhysiologie. 615 7$aphysiology. 615 7$aPhysiology. 615 7$aPhysiology, Pathological. 615 7$aPhysiologie 615 7$aZeitschrift 615 7$aPathophysiologie 615 7$aAspect clinique. 615 7$aImagerie médicale. 615 7$aPhysiologie humaine. 615 7$aPhysiologie pathologique. 615 07$aPhysiologie. 615 07$aZeitschrift. 615 07$aPathophysiologie. 676 $a616.0705 712 02$aScandinavian Society of Clinical Physiology, 906 $aJOURNAL 912 $a996202277303316 996 $aClinical physiology$91993002 997 $aUNISA